000 00688nam a2200193Ia 4500
003 GCL
005 20240530104536.0
008 140319s9999 xx 000 0 ara d
040 _aGCL /
_cGCL
082 0 4 _a418.02
_bر ح
100 1 _aرشيد الجميلى
245 1 0 _aحركة الترجمة فى المشرق الاسلامى فى القرنين الثالث والرابع للهجرة /
_cرشيد الجميلى
300 _a681 ص
490 _aالهيئة العامة للاستعلامات
_v0
650 0 4 _aالتراث الاسلامى
650 0 4 _aالترجمة, القرن الثالث
650 0 4 _aالترجمة, القرن الرابع
942 _2ddc
_cBK
999 _c48479
_d48479